Oxford pocket english Indioms (0 19 432789 2)
Αποθηκεύτηκε σε:
| Κύριος συγγραφέας: | |
|---|---|
| Μορφή: | Βιβλίο |
| Γλώσσα: | Undetermined |
| Έκδοση: |
Oxford
1992
|
| Ετικέτες: |
Προσθήκη ετικέτας
Δεν υπάρχουν, Καταχωρήστε ετικέτα πρώτοι!
|
| Thư viện lưu trữ: | Trung tâm Học liệu Trường Đại học Cần Thơ |
|---|
| LEADER | 00408nam a2200145Ia 4500 | ||
|---|---|---|---|
| 001 | CTU_49251 | ||
| 008 | 210402s9999 xx 000 0 und d | ||
| 082 | |a 423.1 | ||
| 082 | |b S458 | ||
| 100 | |a JENNIFER SEIDL | ||
| 245 | 0 | |a Oxford pocket english Indioms (0 19 432789 2) | |
| 245 | 0 | |c JENNIFER SEIDL, W. McMordie | |
| 260 | |b Oxford | ||
| 260 | |c 1992 | ||
| 980 | |a Trung tâm Học liệu Trường Đại học Cần Thơ | ||